Top 10 Most Expensive Soccer Players - Statistics

General Stats
  • This quiz has been taken 72 times
  • The average score is 8 of 10
Answer Stats
Transfer Fee From To Player % Correct
222 Million Euros Barcelona Paris Saint Germain Neymar Jr
97%
94 Million Euros Manchester United Real Madrid Cristiano Ronaldo
94%
100 Million Euros Tottenham Hotspurs Real Madrid Gareth Bale
90%
160 Million Euros Liverpool Barcelona Phillipe Coutinho
87%
105 Million Euros Juventus Manchester United Paul Pogba
85%
82.3 Million Euros Liverpool Barcelona Luis Suarez
79%
84.5 Million Euros Southhampton Liverpool Virgil Van Dijk
79%
105 Million Euros Dortmund Barcelona Ousmane Dembele
75%
84.7 Million Euros Everton Manchester United Romelo Lukaku
51%
90 Million Euros Napoli Juventus Gonzalo Higuain
33%
No matching quizzes found
Score Distribution
Percent of People with Each Score
Percentile by Number Answered
Your Score History
You have not taken this quiz